| Поле | Инд. | ПП | Название | Значение |
|---|---|---|---|---|
| Тип записи | a | |||
| Библиографический уровень | m | |||
| 001 | Контрольный номер | 64c09eb7-ccd6-44a4-8807-036db58cc997 | ||
| 005 | Дата корректировки | 20230117152025.9 | ||
| 008 | Кодируемые данные | 010624 d | ||
| 020 | a | ISBN | 5-900939-24-3 | |
| c | Цена, тираж | 35.00 | ||
| 040 | a | Служба первич. каталог. | НБ ТвГУ | |
| 041 | 0_ | a | Код языка текста | rus |
| 080 | a | Индекс УДК | 323.172(470) | |
| a | Индекс УДК | 342.24(470) | ||
| 084 | a | Индекс другой классификации/Индекс ББК | Ф5(2РОС) | |
| a | Индекс другой классификации/Индекс ББК | Х620.42 | ||
| 090 | x | Авторский знак | А81 | |
| a | Полочн. индекс | Ф5(2РОС) | ||
| 100 | 1_ | a | Автор | Аринин Александр Николаевич |
| 245 | 10 | a | Заглавие | К новой стратегии развития России. Федерализм и гражданское общество |
| b | Продолж. заглавия | Идейно-теорет., полит. и прав. аспекты | ||
| c | Ответственность | А. Н. Аринин; Ин-т федерализма и гражд. о-ва | ||
| 260 | 0_ | a | Место издания | Москва |
| b | Издательство | Соверо-Принт | ||
| c | Дата издания | 2000 | ||
| 300 | a | Объем | 283 с. | |
| 583 | a | Действие | Получение впервые 324 10.05.2001 | |
| k | Исполнитель действия | Дар ин-та федерализма и гражданского общества | ||
| 650 | 04 | a | Основная рубрика | Федерализм |
| 650 | 04 | a | Основная рубрика | Гражданское общество |
| z | Географическая подрубрика | Российская Федерация | ||
| 653 | 0_ | a | Ключевые слова | Гражданское общество |
| a | Ключевые слова | Федерализм | ||
| a | Ключевые слова | Основные принципы федерализма | ||
| a | Ключевые слова | Законодательное обеспечение прав человека | ||
| a | Ключевые слова | Демократия | ||
| 852 | 41 | t | Порядковый номер экземпляра | 1 |
| p | Инвентарный номер | 734412 | ||
| 888 | a | Бесплатные | ||
| 952 | p | 324.2001 35.00 1 734412 | ||
| c | Вид литературы | К рн | ||
| 954 | a | Дата поступления на обработку | 20010606 | |
| 999 | a | Подразделение 2 | ч.з. |